00918nam#a22002535a#450000100030000000800410000324501110004425000120015526000870016730000270025411000560028108000110033708400080034865300100035665300150036665300140038104000230039500500170041800300090043594200070044499900110045198000550046295201470051730050914s19911991ag#a###e#i###f001#|#spa#d10aPrograma Nacional de Lectura y Producción Escrita /cMinisterio de Cultura y Educación de la Nación. a1ª ed. aBuenos Aires :bMinisterio de la Cultura y Educación de la Nación.,c[ca 2005] a97 p. :bil. ;c24 cm.2 aMinisterio de Cultura y Educación de la Nación. a801.61 aP85 aLibro aLiteratura aEscritura aAR-ClEAGcAR-ClEAG20241107184622.0AR-ClEAG cBK c30d30 62aEvangelina Gallicchio82gEvangelina Gallicchio 00102udc4070aEACbEACcLibros de Formación docented2024-11-07i1560l0oR7 801.61 P85 1 Ej.1p1560r2024-11-07 18:46:22w2024-11-07yBK